BSOP header

基督教與佛教的對話 = Dialogue between Christianity and Buddhism : (Record no. 39233)

MARC details
000 -LEADER
fixed length control field 00942cam a2200289 i 4500
001 - CONTROL NUMBER
control field .b3119834x
008 - FIXED-LENGTH DATA ELEMENTS--GENERAL INFORMATION
fixed length control field 130624s2005 ch a e 000 0 chi d
020 ## - INTERNATIONAL STANDARD BOOK NUMBER
International Standard Book Number 9573091542 :
Terms of availability NT$250 (平裝)
040 ## - CATALOGING SOURCE
Original cataloging agency CEG
Language of cataloging chi
Transcribing agency CEG
042 ## - AUTHENTICATION CODE
Authentication code nbic
050 ## - LIBRARY OF CONGRESS CALL NUMBER
Classification number BR128.B8
084 ## - OTHER CLASSIFICATION NUMBER
Classification number 218
099 ## - LOCAL FREE-TEXT CALL NUMBER (OCLC)
Classification number BR128.B8
100 1# - MAIN ENTRY--PERSONAL NAME
Personal name 王榮昌
245 10 - TITLE STATEMENT
Title 基督教與佛教的對話 = Dialogue between Christianity and Buddhism :
Remainder of title 宗教對話學術研討會論文集 /
Statement of responsibility, etc 王榮昌[等]作
246 30 - VARYING FORM OF TITLE
Title proper/short title 宗教對話學術研討會論文集
260 ## - PUBLICATION, DISTRIBUTION, ETC. (IMPRINT)
Place of publication, distribution, etc 新竹市 :
Name of publisher, distributor, etc 中華信義神學院出版社,
Date of publication, distribution, etc 2005
300 ## - PHYSICAL DESCRIPTION
Extent 291面 :
Other physical details 圖 ;
Dimensions 21公分
500 ## - GENERAL NOTE
General note 封底英文題名: Dialogue between Buddhism and Christianity.
504 ## - BIBLIOGRAPHY, ETC. NOTE
Bibliography, etc 含參考書目
653 ## - INDEX TERM--UNCONTROLLED
Uncontrolled term 比較宗教學
653 ## - INDEX TERM--UNCONTROLLED
Uncontrolled term 基督教
653 ## - INDEX TERM--UNCONTROLLED
Uncontrolled term 佛教
653 ## - INDEX TERM--UNCONTROLLED
Uncontrolled term 論文,講詞等
740 02 - ADDED ENTRY--UNCONTROLLED RELATED/ANALYTICAL TITLE
Uncontrolled related/analytical title Dialogue between Buddhism and Christianity.
942 ## - ADDED ENTRY ELEMENTS (KOHA)
Source of classification or shelving scheme Library of Congress Classification
Holdings
Withdrawn status Lost status Source of classification or shelving scheme Damaged status Not for loan Home library Current library Date acquired Accession number Total Checkouts Full call number Barcode Date last seen Price effective from Koha item type
    Library of Congress Classification     BSOP Library BSOP Library 07/04/2015 C-14517   CH BR 128.B8 W18 00046922 07/04/2015 07/04/2015 Books
BSOP

Biblical Seminary of the Philippines
  All rights Reserved
  © 2024

CONTACT INFORMATION

Biblical Seminary of the Philippines,
  77-B Karuhatan Road, Valenzuela City,
  PHILIPPINES 1441
  Phone: +632 8292-6795 / 8292-6798
  Fax : +632 8292-6675
  Email: library@bsop.edu.ph